Quantum phase transitions / (Record no. 16478)
[ view plain ]
| 000 -LEADER | |
|---|---|
| fixed length control field | 03020cam a22003131i 4500 |
| 001 - CONTROL NUMBER | |
| control field | 16555813 |
| 003 - CONTROL NUMBER IDENTIFIER | |
| control field | EG-ScBUE |
| 005 - DATE AND TIME OF LATEST TRANSACTION | |
| control field | 20250527091448.0 |
| 008 - FIXED-LENGTH DATA ELEMENTS--GENERAL INFORMATION | |
| fixed length control field | 101129s2011 enka f b 001 0 eng d |
| 020 ## - INTERNATIONAL STANDARD BOOK NUMBER | |
| International Standard Book Number | 9780521514682 (hardback) |
| 040 ## - CATALOGING SOURCE | |
| Original cataloging agency | EG-ScBUE |
| Language of cataloging | eng |
| Description conventions | rda |
| Transcribing agency | EG-ScBUE |
| Modifying agency | EG-ScBUE |
| 082 04 - DEWEY DECIMAL CLASSIFICATION NUMBER | |
| Classification number | 530.474 |
| Edition number | 22 |
| Item number | SAC |
| 100 1# - MAIN ENTRY--PERSONAL NAME | |
| Personal name | Sachdev, Subir, |
| Dates associated with a name | 1961- |
| 9 (RLIN) | 28961 |
| Relator term | author. |
| 245 10 - TITLE STATEMENT | |
| Title | Quantum phase transitions / |
| Statement of responsibility, etc | Subir Sachdev, Harvard University. |
| 250 ## - EDITION STATEMENT | |
| Edition statement | Second edition. |
| 264 #1 - PUBLICATION, DISTRIBUTION, ETC. (IMPRINT) | |
| Place of publication, distribution, etc | Cambridge : |
| Name of publisher, distributor, etc | Cambridge University Press, |
| Date of publication, distribution, etc | 2011. |
| 300 ## - PHYSICAL DESCRIPTION | |
| Extent | xviii, 501 pages : |
| Other physical details | illustrations ; |
| Dimensions | 26 cm |
| 336 ## - CONTENT TYPE | |
| Source | rdacontent |
| Content type term | text |
| Content type code | txt |
| 337 ## - MEDIA TYPE | |
| Media type term | unmediated |
| Source | rdamedia |
| Media type code | n |
| 338 ## - CARRIER TYPE | |
| Carrier type term | volume |
| Carrier type code | nc |
| Source | rdacarrier |
| 504 ## - BIBLIOGRAPHY, ETC. NOTE | |
| Bibliography, etc | Includes bibliographical references and index. |
| 505 8# - FORMATTED CONTENTS NOTE | |
| Formatted contents note | Machine generated contents note: Part I. Introduction: 1. Basic concepts; 2. Overview; Part II. A First Course: 3. Classical phase transitions; 4. The renormalization group; 5. The quantum Ising model; 6. The quantum rotor model; 7. Correlations, susceptibilities, and the quantum critical point; 8. Broken symmetries; 9. Boson Hubbard model; Part III. Non-zero Temperatures: 10. The Ising chain in a transverse field; 11. Quantum rotor models: large-N limit; 12. The d = 1, O(N �> 3) rotor models; 13. The d = 2, O(N �> 3) rotor models; 14. Physics close to and above the upper-critical dimension; 15. Transport in d = 2; Part IV. Other Models: 16. Dilute Fermi and Bose gases; 17. Phase transitions of Dirac fermions; 18. Fermi liquids, and their phase transitions; 19. Heisenberg spins: ferromagnets and antiferromagnets; 20. Spin chains: bosonization; 21. Magnetic ordering transitions of disordered systems; 22. Quantum spin glasses; References; Index. |
| 520 ## - SUMMARY, ETC. | |
| Summary, etc | "Describing the physical properties of quantum materials near critical points with long-range many-body quantum entanglement, this book introduces readers to the basic theory of quantum phases, their phase transitions and their observable properties. This second edition begins with a new section suitable for an introductory course on quantum phase transitions, assuming no prior knowledge of quantum field theory. It also contains several new chapters to cover important recent advances, such as the Fermi gas near unitarity, Dirac fermions, Fermi liquids and their phase transitions, quantum magnetism, and solvable models obtained from string theory. After introducing the basic theory, it moves on to a detailed description of the canonical quantum-critical phase diagram at non-zero temperatures. Finally, a variety of more complex models are explored. This book is ideal for graduate students and researchers in condensed matter physics and particle and string theory"-- |
| 650 #7 - SUBJECT ADDED ENTRY--TOPICAL TERM | |
| Topical term or geographic name as entry element | Phase transformations (Statistical physics) |
| 9 (RLIN) | 28962 |
| Source of heading or term | BUEsh |
| 650 #7 - SUBJECT ADDED ENTRY--TOPICAL TERM | |
| Topical term or geographic name as entry element | Quantum theory. |
| 9 (RLIN) | 28963 |
| Source of heading or term | BUEsh |
| 655 ## - INDEX TERM--GENRE/FORM | |
| Form subdivision | Reading book |
| 856 42 - ELECTRONIC LOCATION AND ACCESS | |
| Materials specified | Cover image |
| Uniform Resource Identifier | <a href="http://assets.cambridge.org/97805215/14682/cover/9780521514682.jpg">http://assets.cambridge.org/97805215/14682/cover/9780521514682.jpg</a> |
| 942 ## - ADDED ENTRY ELEMENTS (KOHA) | |
| Source of classification or shelving scheme | Dewey Decimal Classification |
| Koha item type | Book - Borrowing |
| Withdrawn status | Lost status | Source of classification or shelving scheme | Damaged status | Not for loan | Collection code | Home library | Current library | Shelving location | Date acquired | Source of acquisition | Cost, normal purchase price | Serial Enumeration / chronology | Total Checkouts | Full call number | Barcode | Date last seen | Price effective from | Koha item type |
|---|---|---|---|---|---|---|---|---|---|---|---|---|---|---|---|---|---|---|
| Dewey Decimal Classification | Alahram | Central Library | Central Library | First floor | 16/02/2012 | 545.00 | 681 | 530.474 SAC | 000026130 | 15/07/2025 | 16/02/2012 | Book - Borrowing |